Eastern Utah Libraries Catalog: Duchesne, Heber, Roosevelt, & Vernal

Unico : (Record no. 409818)

MARC details
000 -LEADER
fixed length control field 02084nam a22004815i 4500
001 - CONTROL NUMBER
control field 23718604
005 - DATE AND TIME OF LATEST TRANSACTION
control field 20250728153900.0
008 - FIXED-LENGTH DATA ELEMENTS--GENERAL INFORMATION
fixed length control field 240604s2025 nyu j 000 1 eng
010 ## - LIBRARY OF CONGRESS CONTROL NUMBER
LC control number 2024939908
020 ## - INTERNATIONAL STANDARD BOOK NUMBER
International Standard Book Number 9781546110460
Qualifying information (paperback)
020 ## - INTERNATIONAL STANDARD BOOK NUMBER
International Standard Book Number 9781546110477
Qualifying information (hardcover)
020 ## - INTERNATIONAL STANDARD BOOK NUMBER
International Standard Book Number 154611047X
Qualifying information (hardcover)
035 ## - SYSTEM CONTROL NUMBER
System control number 23718604
040 ## - CATALOGING SOURCE
Original cataloging agency DLC
Language of cataloging eng
Description conventions rda
Transcribing agency DLC
041 0# - LANGUAGE CODE
Language code of text/sound track or separate title eng
042 ## - AUTHENTICATION CODE
Authentication code pcc
092 ## - LOCALLY ASSIGNED DEWEY CALL NUMBER (OCLC)
Classification number GN
100 1# - MAIN ENTRY--PERSONAL NAME
Personal name Sattin, Samuel,
Relator term author.
9 (RLIN) 6473078
245 10 - TITLE STATEMENT
Title Unico :
Remainder of title hunted /
Statement of responsibility, etc written by Samuel Sattin ; illustrated by Gurihiru ; based on the manga created by Osamu Tezuka.
250 ## - EDITION STATEMENT
Edition statement First edition.
264 #1 - Production, Publication, Distribution, Manufacture, and Copyright Notice.
Place of production, publication, distribution, manufacture New York, NY :
Name of producer, publisher, distributor, manufacturer Graphix, an imprint of Scholastic Inc.,
Date of production, publication, distribution, manufacture, or copyr 2025.
264 #4 - Production, Publication, Distribution, Manufacture, and Copyright Notice.
Date of production, publication, distribution, manufacture, or copyr ©2025
300 ## - PHYSICAL DESCRIPTION
Extent 215 pages :
Other physical details chiefly color illustrations ;
Dimensions 24 cm.
336 ## - Content Type
Content type term text
336 ## - Content Type
Content type term still image
337 ## - Media type
Media type term unmediated
338 ## - Carrier type
Carrier type term volume
490 0# - SERIES STATEMENT
Series statement Unico ;
Volume number/sequential designation 2
520 ## - SUMMARY, ETC.
Summary, etc "Lost in space and time, Unico awakens in an abandoned factory town. Saved by the resourceful mouse, Garapachi, Unico befriends Chiko, a human girl. But he soon learns that a sinister force is at work in the town's factory, bent on killing all living things. Meanwhile, Venus unleashes a fierce hunter who will stop at nothing to find Unico. Can Unico save Chiko? Can the West Wind save Unico?"
521 1# - TARGET AUDIENCE NOTE
Target audience note Ages 8-12
Source Graphix.
521 2# - TARGET AUDIENCE NOTE
Target audience note Grades 4-6
Source Graphix.
650 #0 - SUBJECT ADDED ENTRY--TOPICAL TERM
Topical term or geographic name as entry element Unicorns
Form subdivision Comic books, strips, etc.
9 (RLIN) 5749546
650 #0 - SUBJECT ADDED ENTRY--TOPICAL TERM
Topical term or geographic name as entry element Good and evil
Form subdivision Comic books, strips, etc.
9 (RLIN) 5689272
650 #0 - SUBJECT ADDED ENTRY--TOPICAL TERM
Topical term or geographic name as entry element Friendship
Form subdivision Comic books, strips, etc.
9 (RLIN) 5688309
650 #0 - SUBJECT ADDED ENTRY--TOPICAL TERM
Topical term or geographic name as entry element Goddesses
Form subdivision Comic books, strips, etc.
9 (RLIN) 6441306
650 #0 - SUBJECT ADDED ENTRY--TOPICAL TERM
Topical term or geographic name as entry element Space and time
Form subdivision Comic books, strips, etc.
9 (RLIN) 5764586
655 #7 - INDEX TERM--GENRE/FORM
Source of term lcgft.
Genre/form data or focus term Action and adventure comics.
9 (RLIN) 5716592
655 #7 - INDEX TERM--GENRE/FORM
Source of term lcgft.
Genre/form data or focus term Fantasy comics.
655 #7 - INDEX TERM--GENRE/FORM
Source of term lcgft.
Genre/form data or focus term Graphic novels.
700 0# - ADDED ENTRY--PERSONAL NAME
Personal name Gurihiru,
Relator term illustrator.
9 (RLIN) 6548621
700 1# - ADDED ENTRY--PERSONAL NAME
Personal name Tezuka, Osamu,
Dates associated with a name 1928-1989,
Relator term author.
9 (RLIN) 21231
942 ## - ADDED ENTRY ELEMENTS (KOHA)
Source of classification or shelving scheme Dewey Decimal Classification
Koha item type BOOK
Holdings
Withdrawn status Lost status Source of classification or shelving scheme Damaged status Not for loan Collection code Home library Current library Shelving location Date acquired Source of acquisition Serial Enumeration / chronology Total Checkouts Total Renewals Full call number Barcode Date last seen Date checked out Cost, replacement price Price effective from Koha item type
    Dewey Decimal Classification     Junior Graphic Novels Wasatch County Library Wasatch County Library First Floor 11/12/2025 Libraria #2 Unico 2 4 J GN Tezuka 34301002172676 03/05/2026 02/26/2026 24.95 11/12/2025 BOOK
This project was made possible through a grant from the Institute of Museum and Library Service administered by the Utah State Library Division.

Wasatch County Library

  • 465 East 1200 South, Heber City, Utah 84032
  • Phone 435-654-1511 | Fax 435-654-6456

Hours

  • Monday - Friday 9:30 AM - 8:00 PM
  • Saturday 9:30 AM - 1:30 PM
  • Closed Sundays and Holidays